Setting up a business in Bahrain.
| Corporate Author: | |
|---|---|
| Format: | Book |
| Published: |
Manama:
Bahrain Economic Development Board,
2007.
|
| Edition: | 2nd ed.. |
| Subjects: |
| LEADER | 00559cam a2200181 7i4500 | ||
|---|---|---|---|
| 001 | 0000022872 | ||
| 005 | 20220119090000.0 | ||
| 090 | 0 | 0 | |a BAHS 338.7 |b BAH |
| 110 | 2 | 0 | |a Bahrain Economic Development Board |
| 245 | 2 | 0 | |a Setting up a business in Bahrain. |
| 250 | 0 | 0 | |a 2nd ed.. |
| 260 | 0 | 0 | |a Manama: |b Bahrain Economic Development Board, |c 2007. |
| 300 | # | # | |a 133 p. |
| 650 | 0 | 0 | |a Business -- |z Bahrain |
| 650 | 0 | 0 | |a Bahrain -- |x Economic conditions |
| 650 | 0 | 0 | |a Investments -- |z Bahrain |
| 651 | 0 | 0 | |a Bahrain |
| 999 | |a 0000023928 |b Book |c Countries |e Business Information Centre | ||